[Event "ch-city A"]
[Site "Warszawa"]
[Date "2012.06.03"]
[Round "9.13"]
[White "Olejarczyk, Bogdan"]
[Black "Suchocki, Tomasz"]
[Result "1/2-1/2"]
[WhiteElo "2132"]
[BlackElo "1949"]
[PlyCount "80"]
[EventDate "2012.05.26"]
[EventType "swiss"]
[EventRounds "9"]
[EventCountry "POL"]

1. d4 Nf6 2. Nf3 b6 3. Bf4 Bb7 4. e3 Nh5 5. Bg5 h6 6. Bh4 g5 7. Ne5 Nf6 8. Bg3
d6 9. Nd3 Nbd7 10. Nd2 e6 11. c3 Bg7 12. f3 Qe7 13. Qa4 a6 14. O-O-O b5 15. Qc2
c5 16. dxc5 dxc5 17. Ne5 O-O-O 18. Nxd7 Rxd7 19. e4 Rhd8 20. Be2 Nh5 21. Nf1 f5
22. Rxd7 Qxd7 23. exf5 exf5 24. Bf2 Nf4 25. Ne3 Nxe2+ 26. Qxe2 Qe6 27. Rd1
Rxd1+ 28. Qxd1 f4 29. Nc2 Bf8 30. Qe1 Bd5 31. a3 Qxe1+ 32. Nxe1 Kd7 33. h4 Ke6
34. hxg5 hxg5 35. Nd3 c4 36. Ne1 Kf5 37. Kd2 Bd6 38. Bb6 g4 39. Ke2 Be7 40. Nc2
Bf6 1/2-1/2

[Event "ch-city A"]
[Site "Warszawa"]
[Date "2012.06.03"]
[Round "9.14"]
[White "Rozycki, Bartlomiej"]
[Black "Kaliszewski, Tomasz"]
[Result "0-1"]
[WhiteElo "1922"]
[BlackElo "2020"]
[PlyCount "72"]
[EventDate "2012.05.26"]
[EventType "swiss"]
[EventRounds "9"]
[EventCountry "POL"]

1. e4 Nf6 2. e5 Nd5 3. d4 d6 4. Nf3 g6 5. Bc4 Nb6 6. Bb3 Bg7 7. e6 Bxe6 8. Bxe6
fxe6 9. Ng5 Qd7 10. Qg4 e5 11. Ne6 Bf6 12. dxe5 dxe5 13. Nc3 Nc6 14. Nb5 Rc8
15. Be3 Nd4 16. Nbxd4 exd4 17. O-O-O c5 18. f4 Qa4 19. Bf2 Qxa2 20. Kd2 Qxb2
21. Rhe1 Qc3+ 22. Ke2 Qxc2+ 23. Kf1 Qf5 24. Qe2 Rc6 25. g4 Qxe6 26. Qxe6 Rxe6
27. Rxe6 Kf7 28. Re2 Nd5 29. Rb2 b6 30. Rd3 Nxf4 31. Ra3 Rd8 32. Bg3 Nd5 33.
Rxa7 d3 34. Rd2 Ne3+ 35. Kf2 Nc4 36. Rd1 Nb2 0-1

[Event "ch-city A"]
[Site "Warszawa"]
[Date "2012.06.03"]
[Round "9.15"]
[White "Gluszko, Monika"]
[Black "Eggink, Mateusz"]
[Result "1-0"]
[WhiteElo "2057"]
[BlackElo "2012"]
[PlyCount "87"]
[EventDate "2012.05.26"]
[EventType "swiss"]
[EventRounds "9"]
[EventCountry "POL"]

1. e4 e5 2. Nf3 Nf6 3. Nxe5 d6 4. Nf3 Nxe4 5. Nc3 Nxc3 6. dxc3 Be7 7. Bf4 Nd7
8. Qd2 Nc5 9. O-O-O Be6 10. Kb1 Qd7 11. Nd4 a6 12. Be2 O-O-O 13. Rhe1 g5 14.
Be3 Ne4 15. Qc1 Rhg8 16. Nxe6 Qxe6 17. Bd3 d5 18. f3 Nd6 19. Bd4 Qd7 20. Bxh7
Rge8 21. g4 Kb8 22. Re2 Nc4 23. Rde1 Bd6 24. Qxg5 Qb5 25. b3 f6 26. Rxe8 Rxe8
27. Rxe8+ Qxe8 28. Qc1 Na3+ 29. Ka1 Qe2 30. Bxf6 Qxf3 31. g5 Bf4 32. Qg1 Be3
33. Qe1 b6 34. Kb2 Nb5 35. a4 Nd6 36. Qg3 Qe2 37. Bd4 Bd2 38. Qg1 c5 39. Bf6
Kb7 40. g6 Ne4 41. Be5 Be3 42. Qb1 Nd2 43. Qh1 Nf3 44. g7 1-0

[Event "ch-city A"]
[Site "Warszawa"]
[Date "2012.06.03"]
[Round "9.16"]
[White "Piotrowski, Arkadiusz"]
[Black "Kubeczko, Grzegorz"]
[Result "0-1"]
[WhiteElo "1959"]
[BlackElo "2015"]
[PlyCount "76"]
[EventDate "2012.05.26"]
[EventType "swiss"]
[EventRounds "9"]
[EventCountry "POL"]

1. e4 c6 2. d4 d5 3. e5 Bf5 4. g4 Be4 5. f3 Bg6 6. h4 h5 7. e6 Qd6 8. exf7+
Bxf7 9. Ne2 Nd7 10. b3 hxg4 11. fxg4 e5 12. Nbc3 Qe6 13. Bg5 Bd6 14. Kd2 Ngf6
15. Bh3 O-O-O 16. Kc1 Ba3+ 17. Kb1 e4 18. Qf1 Qe7 19. Bf4 Be6 20. Qe1 Bxg4 21.
Bxg4 Nxg4 22. Nxd5 cxd5 23. Qc3+ Bc5 24. b4 Nb6 25. dxc5 Nc4 26. Bg5 Qxg5 27.
hxg5 Rxh1+ 28. Nc1 Rf8 29. a4 Rxc1+ 30. Ka2 Rxc2+ 31. Qxc2 Rf2 32. Kb3 Rxc2 33.
Kxc2 d4 34. Kb3 Nd2+ 35. Kc2 Nf3 36. Ra3 d3+ 37. Kd1 Nf2+ 38. Kc1 d2+ 0-1